[Event "EU-ch 23rd"]
[Site "Vrnjacka Banja"]
[Date "2023.03.13"]
[Round "11"]
[White "Tekeyev, Zaur"]
[Black "Skvortsov, Andrei"]
[Result "1-0"]
[WhiteElo "2415"]
[BlackElo "2298"]
[PlyCount "79"]
[EventDate "2023.03.03"]
[EventType "swiss"]
[EventRounds "11"]
[EventCountry "SRB"]
[SourceTitle "CBM 213"]
[Source "ChessBase"]
[SourceDate "2023.04.30"]
[SourceVersion "1"]
[SourceVersionDate "2023.04.30"]
[SourceQuality "1"]

1. e4 e5 2. Nf3 Nf6 3. Nxe5 d6 4. Nf3 Nxe4 5. Nc3 Nf6 6. d4 Be7 7. Bd3 0-0 8. 0-0 Re8 9. h3 d5 10. Bf4 c6 11. Ne2 Ne4 12. Ng3 f5 13. c4 Be6 14. cxd5 cxd5 15. Qb3 Nxg3 16. Bxg3 Qb6 17. Qc2 g6 18. Bc7 Qc6 19. Qe2 a6 20. Rac1 Qd7 21. Ne5 Qa4 22. Nxg6 Bg5 23. Nf4 Bf7 24. Qf3 Qxd4 25. Bxf5 Nc6 26. Qg4 Qg7 27. Rcd1 Ne5 28. Bxe5 Rxe5 29. Ne6 h5 30. Qxg5 Qxg5 31. Nxg5 Rxf5 32. Nf3 Rc8 33. Rc1 Rc4 34. Rfd1 Ra4 35. a3 Rc4 36. b3 Rxc1 37. Rxc1 Rf6 38. Rc8+ Kg7 39. Rc7 Rc6 40. Rxb7 1-0

[Event "EU-ch 23rd"]
[Site "Vrnjacka Banja"]
[Date "2023.03.12"]
[Round "10"]
[White "Laurusas, Tomas"]
[Black "Tekeyev, Zaur"]
[Result "1-0"]
[WhiteElo "2571"]
[BlackElo "2415"]
[PlyCount "69"]
[EventDate "2023.03.03"]
[EventType "swiss"]
[EventRounds "11"]
[EventCountry "SRB"]
[SourceTitle "CBM 213"]
[Source "ChessBase"]
[SourceDate "2023.04.30"]
[SourceVersion "1"]
[SourceVersionDate "2023.04.30"]
[SourceQuality "1"]

1. d4 Nf6 2. c4 g6 3. Nf3 Bg7 4. g3 0-0 5. Bg2 d6 6. 0-0 Nc6 7. Nc3 e5 8. d5 Nb8 9. c5 Na6 10. cxd6 cxd6 11. Nd2 Bd7 12. a4 Ne8 13. Qb3 b6 14. Nc4 f5 15. Be3 Qe7 16. Rfc1 g5 17. Qd1 h5 18. Rab1 h4 19. b4 f4 20. Bd2 hxg3 21. hxg3 Rf6 22. Ne4 Rh6 23. e3 fxg3 24. fxg3 g4 25. Qf1 Nac7 26. b5 Rd8 27. Ncxd6 Rxd6 28. Bb4 Bh6 29. Rb3 Nxd5 30. Nxd6 Nxb4 31. Qc4+ Qe6 32. Nb7 Rb8 33. Qxb4 Bc8 34. Nd8 Qd6 35. Qc4+ 1-0

[Event "EU-ch 23rd"]
[Site "Vrnjacka Banja"]
[Date "2023.03.05"]
[Round "3"]
[White "Tekeyev, Zaur"]
[Black "Makarian, Rudik"]
[Result "1/2-1/2"]
[WhiteElo "2415"]
[BlackElo "2557"]
[PlyCount "28"]
[EventDate "2023.03.03"]
[EventType "swiss"]
[EventRounds "11"]
[EventCountry "SRB"]
[SourceTitle "CBM 213"]
[Source "ChessBase"]
[SourceDate "2023.04.30"]
[SourceVersion "1"]
[SourceVersionDate "2023.04.30"]
[SourceQuality "1"]

1. e4 c6 2. Nc3 d5 3. Nf3 dxe4 4. Nxe4 Nf6 5. Qe2 Nxe4 6. Qxe4 Nd7 7. d4 Nf6 8. Qd3 g6 9. Be2 Bg7 10. 0-0 0-0 11. Re1 Bf5 12. Qb3 Qb6 13. c3 Nd5 14. Bf1 Rfe8 1/2-1/2

[Event "Paracin Prestige op"]
[Site "Paracin"]
[Date "2023.01.20"]
[Round "6"]
[White "Tekeyev, Zaur"]
[Black "Milosevic, Milos"]
[Result "1-0"]
[WhiteElo "2394"]
[BlackElo "2374"]
[PlyCount "65"]
[EventDate "2023.01.17"]
[EventType "swiss"]
[EventRounds "9"]
[EventCountry "SRB"]
[SourceTitle "CBM 212 Extra"]
[Source "ChessBase"]
[SourceDate "2023.03.31"]
[SourceVersion "1"]
[SourceVersionDate "2023.03.31"]
[SourceQuality "1"]

1. e4 e6 2. d4 d5 3. Nd2 c5 4. exd5 Qxd5 5. dxc5 Qxc5 6. Ngf3 Nf6 7. Bd3 Be7 8. Qe2 Nbd7 9. 0-0 Qc7 10. c3 b6 11. Ne4 Bb7 12. Bg5 0-0 13. Rad1 Nc5 14. Nxc5 Qxc5 15. Ne5 Rad8 16. Rfe1 h6 17. Bh4 Rd5 18. c4 Rd4 19. b4 Qxb4 20. Bh7+ Kxh7 21. Rxd4 g5 22. Qc2+ Kg8 23. Nd3 Qa5 24. Re5 Qa3 25. Bxg5 hxg5 26. Rxg5+ Kh8 27. Nc5 Ne4 28. Rh5+ Kg7 29. Nxe4 f5 30. Ng5 Kg6 31. Nxe6 Rf6 32. Rg5+ Kf7 33. Nd8+ 1-0

[Event "Cheliabinsk Panchenko Memorial op-A"]
[Site "Cheliabinsk"]
[Date "2022.09.20"]
[Round "9"]
[White "Yagupov, Igor"]
[Black "Tekeyev, Zaur"]
[Result "0-1"]
[WhiteElo "2270"]
[BlackElo "2396"]
[PlyCount "40"]
[EventDate "2022.09.12"]
[EventType "swiss"]
[EventRounds "10"]
[EventCountry "RUS"]
[SourceTitle "CBM 210 Extra"]
[Source "ChessBase"]
[SourceDate "2022.11.30"]
[SourceVersion "1"]
[SourceVersionDate "2022.11.30"]
[SourceQuality "1"]

1. d4 Nf6 2. c4 e6 3. Nc3 d5 4. cxd5 exd5 5. Bg5 c6 6. e3 Bd6 7. Bd3 0-0 8. Qc2 h6 9. Bh4 Re8 10. Nge2 a5 11. h3 Na6 12. a3 Nc7 13. 0-0 Ne6 14. f3 Ng5 15. e4 Nfxe4 16. fxe4 Nxh3+ 17. gxh3 Qxh4 18. Rf3 Bxh3 19. e5 Rxe5 20. dxe5 Bc5+ 0-1

[Event "Cheliabinsk Panchenko Memorial op-A"]
[Site "Cheliabinsk"]
[Date "2022.09.19"]
[Round "8"]
[White "Tekeyev, Zaur"]
[Black "Novozhilov, Semen"]
[Result "1-0"]
[WhiteElo "2396"]
[BlackElo "2054"]
[PlyCount "113"]
[EventDate "2022.09.12"]
[EventType "swiss"]
[EventRounds "10"]
[EventCountry "RUS"]
[SourceTitle "CBM 210 Extra"]
[Source "ChessBase"]
[SourceDate "2022.11.30"]
[SourceVersion "1"]
[SourceVersionDate "2022.11.30"]
[SourceQuality "1"]

1. d4 Nf6 2. Nf3 d5 3. Bf4 c5 4. e3 Nc6 5. Nbd2 Qb6 6. dxc5 Qxb2 7. Rb1 Qc3 8. Bb5 e6 9. 0-0 Be7 10. Ne5 Bd7 11. Nd3 0-0 12. Bc7 Ne4 13. Nxe4 dxe4 14. Rb3 Qf6 15. Nb2 Bc8 16. Bxc6 bxc6 17. Qg4 Qf5 18. Qxf5 exf5 19. Bd6 Bxd6 20. cxd6 Be6 21. c4 Rab8 22. h4 Rfd8 23. Rd1 Kf8 24. Rd2 Ke8 25. Rc3 Rb7 26. Kh2 Rbd7 27. c5 Rb8 28. Nc4 Bxc4 29. Rxc4 Rb5 30. Kg3 f6 31. Kf4 g6 32. f3 exf3 33. gxf3 Kf7 34. e4 fxe4 35. Kxe4 h5 36. Kd4 a5 37. Re2 Rb1 38. Kd3 Rb5 39. Kc3 Rb1 40. Kd3 Rb5 41. f4 f5 42. Kc3 Rb1 43. Ra4 Rb5 44. Re5 Kf8 45. Rd4 Rb1 46. Rd2 Rc1+ 47. Kd3 Rd8 48. Rb2 Rd1+ 49. Ke2 Rd4 50. Ke3 Rb4 51. Rxb4 axb4 52. Kd4 Ra8 53. Re7 Rxa2 54. Rc7 Re2 55. Rxc6 Re4+ 56. Kd5 b3 57. Rb6 1-0

[Event "Cheliabinsk Panchenko Memorial op-A"]
[Site "Cheliabinsk"]
[Date "2022.09.17"]
[Round "6"]
[White "Tekeyev, Zaur"]
[Black "Shturman, Arseniy"]
[Result "1-0"]
[WhiteElo "2396"]
[BlackElo "2214"]
[PlyCount "51"]
[EventDate "2022.09.12"]
[EventType "swiss"]
[EventRounds "10"]
[EventCountry "RUS"]
[SourceTitle "CBM 210 Extra"]
[Source "ChessBase"]
[SourceDate "2022.11.30"]
[SourceVersion "1"]
[SourceVersionDate "2022.11.30"]
[SourceQuality "1"]

1. d4 Nf6 2. Nf3 g6 3. Bg5 Bg7 4. Nbd2 0-0 5. c3 d5 6. e3 Nbd7 7. Be2 Re8 8. 0-0 e5 9. h3 c6 10. Rc1 b5 11. b3 Bb7 12. c4 e4 13. Nh2 a6 14. Ng4 Qa5 15. Nh6+ Bxh6 16. Bxh6 Qxa2 17. Ra1 Qb2 18. Bf4 bxc4 19. bxc4 Ra7 20. c5 a5 21. Rb1 Qa3 22. Qc2 Ba6 23. Bxa6 Rxa6 24. Rb3 Qa4 25. Qb2 Nh5 26. Bd6 1-0

[Event "Cheliabinsk Panchenko Memorial op-A"]
[Site "Cheliabinsk"]
[Date "2022.09.15"]
[Round "4"]
[White "Tekeyev, Zaur"]
[Black "Khegay, Dmitriy"]
[Result "0-1"]
[WhiteElo "2396"]
[BlackElo "2534"]
[PlyCount "98"]
[EventDate "2022.09.12"]
[EventType "swiss"]
[EventRounds "10"]
[EventCountry "RUS"]
[SourceTitle "CBM 210 Extra"]
[Source "ChessBase"]
[SourceDate "2022.11.30"]
[SourceVersion "1"]
[SourceVersionDate "2022.11.30"]
[SourceQuality "1"]

1. e4 c5 2. Nf3 d6 3. Bb5+ Bd7 4. c4 e5 5. Bxd7+ Qxd7 6. Nc3 Nc6 7. 0-0 Be7 8. d3 f5 9. exf5 Qxf5 10. a3 Nf6 11. Ng5 0-0 12. Nge4 Qe6 13. Nxf6+ Bxf6 14. Rb1 Ne7 15. Be3 b6 16. Qf3 Rfd8 17. Nd5 Nxd5 18. cxd5 Qe8 19. Qe4 a5 20. a4 b5 21. axb5 Qxb5 22. Bd2 Rdb8 23. Bc3 Qe8 24. Ra1 Qg6 25. Qc4 h5 26. Ra4 Bd8 27. Re1 Rb7 28. f4 exf4 29. Re6 Qf7 30. Qe4 Be7 31. Qf3 Rf8 32. Rxa5 Qf5 33. Ra4 Rf7 34. h3 Bh4 35. Rxd6 c4 36. Qe4 cxd3 37. Ra8+ Kh7 38. Qe8 Bf6 39. Bxf6 gxf6 40. Qg8+ Kh6 41. Qh8+ Kg6 42. Qg8+ Rg7 43. Qe8+ Kg5 44. h4+ Kxh4 45. Qe1+ Rg3 46. Qc3 Rxg2+ 47. Kf1 Qh3 48. Qxf6+ Rg5+ 49. Ke1 Qe3+ 0-1

[Event "Tuapse Blitz op"]
[Site "Tuapse"]
[Date "2022.06.29"]
[Round "3"]
[White "Tekeyev, Zaur"]
[Black "Rjabzev, Konstantin"]
[Result "1/2-1/2"]
[WhiteElo "2396"]
[BlackElo "2258"]
[PlyCount "102"]
[EventDate "2022.06.29"]
[EventType "swiss (blitz)"]
[EventRounds "13"]
[EventCountry "RUS"]
[SourceTitle "CBM 209 Extra"]
[Source "ChessBase"]
[SourceDate "2022.09.30"]
[SourceVersion "1"]
[SourceVersionDate "2022.09.30"]
[SourceQuality "1"]

1. e4 e5 2. Nf3 d6 3. d4 exd4 4. Nxd4 Nf6 5. Nc3 Be7 6. g3 0-0 7. Bg2 Re8 8. 0-0 Bf8 9. h3 c6 10. a4 a5 11. b3 Nbd7 12. Bb2 Nc5 13. Re1 Qb6 14. Qd2 Bd7 15. g4 h6 16. Kh1 Rad8 17. f3 Bc8 18. Nd1 d5 19. e5 Nfd7 20. Nf5 Ne6 21. Nf2 Bb4 22. c3 Bf8 23. Nd3 Ndc5 24. Nxc5 Nxc5 25. Qf2 Qxb3 26. Nd4 Qb6 27. Qc2 Ne6 28. Rab1 Qc7 29. Bc1 c5 30. Nb5 Qc6 31. f4 Nc7 32. f5 Nxb5 33. Rxb5 b6 34. c4 Qc7 35. Bxd5 Rxe5 36. Rf1 Bb7 37. Bxb7 Qxb7+ 38. Qg2 Qxg2+ 39. Kxg2 Re4 40. Rxb6 Rxc4 41. f6 gxf6 42. Rbxf6 Rd7 43. Bxh6 Bxh6 44. Rxh6 Rxa4 45. Rc6 Rc4 46. Ra6 a4 47. Kg3 Rd3+ 48. Kh4 Rcc3 49. Rxa4 Rxh3+ 50. Kg5 Rcd3 51. Rf5 Rhf3 1/2-1/2

[Event "Tuapse Rapid op"]
[Site "Tuapse"]
[Date "2022.06.27"]
[Round "7"]
[White "Tekeyev, Zaur"]
[Black "Chudinovskih, Alexander N"]
[Result "1-0"]
[WhiteElo "2396"]
[BlackElo "2057"]
[PlyCount "87"]
[EventDate "2022.06.26"]
[EventType "swiss (rapid)"]
[EventRounds "11"]
[EventCountry "RUS"]
[SourceTitle "CBM 209 Extra"]
[Source "ChessBase"]
[SourceDate "2022.09.30"]
[SourceVersion "1"]
[SourceVersionDate "2022.09.30"]
[SourceQuality "1"]

1. e4 e5 2. Nf3 Nc6 3. Bc4 Nf6 4. d3 Be7 5. 0-0 0-0 6. Re1 d6 7. a4 Nd4 8. Nxd4 exd4 9. Nd2 Be6 10. Bxe6 fxe6 11. e5 Nd5 12. Nf3 c5 13. Qe2 Nc7 14. exd6 Qxd6 15. Qe4 b6 16. Ne5 Rae8 17. Bf4 Nd5 18. Bg3 Nf6 19. Qb7 Qd5 20. Qxa7 Bd8 21. Nc4 Re7 22. Qa6 Nh5 23. Re5 Nxg3 24. hxg3 Qc6 25. Qb5 Qb7 26. Rae1 Rf6 27. a5 bxa5 28. Qxb7 Rxb7 29. Rxc5 Rb8 30. Rc6 Kf7 31. Rd6 Be7 32. Rxd4 a4 33. Ne5+ Ke8 34. Nd7 Rxb2 35. Nxf6+ Bxf6 36. Rxa4 Rxc2 37. Rxe6+ Kf7 38. Ree4 Rd2 39. d4 h5 40. g4 Kg6 41. gxh5+ Kf5 42. f3 Kg5 43. Ra5+ Kh6 44. Rd5 1-0

[Event "Tuapse Rapid op"]
[Site "Tuapse"]
[Date "2022.06.27"]
[Round "5"]
[White "Tekeyev, Zaur"]
[Black "Mashinskaya, Iulia"]
[Result "1-0"]
[WhiteElo "2396"]
[BlackElo "2215"]
[PlyCount "107"]
[EventDate "2022.06.26"]
[EventType "swiss (rapid)"]
[EventRounds "11"]
[EventCountry "RUS"]
[SourceTitle "CBM 209 Extra"]
[Source "ChessBase"]
[SourceDate "2022.09.30"]
[SourceVersion "1"]
[SourceVersionDate "2022.09.30"]
[SourceQuality "1"]

1. e4 c5 2. Nf3 e6 3. d4 cxd4 4. Nxd4 Nf6 5. Nc3 Nc6 6. Ndb5 Bb4 7. a3 Bxc3+ 8. Nxc3 d5 9. exd5 Nxd5 10. Bd2 0-0 11. Qh5 f5 12. 0-0-0 Nf6 13. Qf3 Qe7 14. Bg5 h6 15. Bxf6 Qxf6 16. Bc4 Ne5 17. Qe2 Nxc4 18. Qxc4 a6 19. Rhe1 b5 20. Qc7 Qf7 21. Qe5 Bb7 22. f3 Rfe8 23. Rd6 Bd5 24. Rd1 Rac8 25. Nxd5 exd5 26. Qxd5 Re2 27. Qxf7+ Kxf7 28. R6d2 Re6 29. Rd7+ Kf6 30. R1d6 Rc6 31. Rxe6+ Rxe6 32. Kd2 g5 33. b3 Rc6 34. Kd3 Ke6 35. Rd8 Ke5 36. g3 h5 37. c4 bxc4+ 38. bxc4 h4 39. Rd5+ Kf6 40. g4 fxg4 41. fxg4 Rb6 42. Kc2 Re6 43. Rf5+ Kg6 44. Kd3 Re1 45. c5 Rc1 46. h3 a5 47. Kd4 a4 48. Rf3 Rd1+ 49. Kc4 Rc1+ 50. Rc3 Rb1 51. c6 Rb8 52. c7 Rc8 53. Kd5 Kf6 54. Kd6 1-0

[Event "Tuapse op"]
[Site "Tuapse"]
[Date "2022.06.23"]
[Round "7"]
[White "Alpin, Maxim"]
[Black "Tekeyev, Zaur"]
[Result "1/2-1/2"]
[WhiteElo "2077"]
[BlackElo "2409"]
[PlyCount "61"]
[EventDate "2022.06.17"]
[EventType "swiss"]
[EventRounds "9"]
[EventCountry "RUS"]
[SourceTitle "CBM 209 Extra"]
[Source "ChessBase"]
[SourceDate "2022.09.30"]
[SourceVersion "1"]
[SourceVersionDate "2022.09.30"]
[SourceQuality "1"]

1. d4 Nf6 2. Nf3 g6 3. g3 Bg7 4. Bg2 0-0 5. c4 d6 6. 0-0 c6 7. Nc3 Bf5 8. Re1 Ne4 9. Ng5 Nxc3 10. bxc3 Qa5 11. e4 Bc8 12. Qd3 e5 13. Bd2 Qa3 14. Bc1 Qa4 15. f4 exd4 16. cxd4 b5 17. e5 dxe5 18. dxe5 bxc4 19. Qa3 Qb5 20. Be3 Bf5 21. Ne4 Qa6 22. Bc5 Qxa3 23. Bxa3 Rd8 24. Be7 Rd3 25. Nc5 Ra3 26. Rad1 Na6 27. Bxc6 Bf8 28. Bxa8 Bxe7 29. Nxa6 Rxa6 30. Be4 Bg4 31. Rd2 1/2-1/2

[Event "RUS-chT2"]
[Site "Sochi"]
[Date "2021.05.03"]
[Round "3.3"]
[White "Kezin, Roman"]
[Black "Tekeyev, Zaur"]
[Result "1/2-1/2"]
[WhiteElo "2472"]
[BlackElo "2396"]
[PlyCount "59"]
[EventDate "2021.05.01"]
[EventType "team-swiss"]
[EventRounds "9"]
[EventCountry "RUS"]
[SourceTitle "CBM 202 Extra"]
[Source "ChessBase"]
[SourceDate "2021.07.31"]
[SourceVersion "1"]
[SourceVersionDate "2021.07.31"]
[SourceQuality "1"]
[WhiteTeam "Novosibirsk Region NSTU"]
[BlackTeam "Stavropol Region"]
[WhiteTeamCountry "RUS"]
[BlackTeamCountry "RUS"]

1. d4 Nf6 2. c4 g6 3. Nc3 Bg7 4. Nf3 0-0 5. g3 d6 6. Bg2 c6 7. 0-0 Bf5 8. Ne1 e5 9. d5 cxd5 10. cxd5 Na6 11. e4 Bd7 12. Nd3 b5 13. b4 Rc8 14. Bd2 Qb6 15. Qb1 Nh5 16. a4 bxa4 17. Nxa4 Qb7 18. Be3 Bb5 19. Nac5 dxc5 20. bxc5 Nb8 21. c6 Bxc6 22. Qxb7 Bxb7 23. Nc5 Bc6 24. Rxa7 Nf6 25. dxc6 Nxc6 26. Ra3 Ng4 27. Bh3 Nxe3 28. Rxe3 Ra8 29. Nd7 Rfd8 30. Nb6 1/2-1/2

[Event "Titled Tuesday intern op 16th Feb"]
[Site "Chess.com INT"]
[Date "2021.02.16"]
[Round "2"]
[White "Tekeyev, Zaur"]
[Black "Diaz Rosas, Julio Cesar"]
[Result "1/2-1/2"]
[WhiteElo "2396"]
[BlackElo "2367"]
[PlyCount "117"]
[EventDate "2021.02.16"]
[EventType "swiss (blitz)"]
[EventRounds "11"]
[EventCountry "USA"]
[SourceTitle "EXT 2022"]
[Source "ChessBase"]
[SourceDate "2021.10.06"]
[SourceVersion "1"]
[SourceVersionDate "2021.10.06"]
[SourceQuality "1"]

1. e4 e5 2. Nf3 Nc6 3. Bb5 a6 4. Ba4 Nf6 5. 0-0 Be7 6. Re1 b5 7. Bb3 0-0 8. h3 d6 9. c3 Bb7 10. d4 Re8 11. d5 Nb8 12. Nbd2 Bf8 13. Nf1 c6 14. dxc6 Bxc6 15. Bg5 Nbd7 16. N3h2 h6 17. Bxf6 Nxf6 18. Qf3 d5 19. exd5 Bxd5 20. Bxd5 Qxd5 21. Qxd5 Nxd5 22. Ng4 f6 23. Red1 Rad8 24. Nge3 Nf4 25. a4 b4 26. h4 Kf7 27. Ng3 Nd3 28. Rab1 Ke6 29. Kf1 b3 30. Ne4 Nc5 31. Nxc5+ Bxc5 32. Nc4 h5 33. Ke2 Rb8 34. Rd2 Rec8 35. Ne3 Bxe3 36. Kxe3 Rc4 37. Rbd1 Rxa4 38. Rd6+ Kf5 39. g3 Rb7 40. R1d2 Rc7 41. Rb6 Rcc4 42. Rxb3 g5 43. hxg5 Kxg5 44. Rb7 h4 45. gxh4+ Rxh4 46. Rg7+ Kf5 47. Rd1 Rh3+ 48. Ke2 Re4+ 49. Kd2 Rf4 50. Rg2 Rh7 51. Ke2 Rb7 52. Rd2 a5 53. Rh2 a4 54. Rh6 Rb6 55. Ke3 Re4+ 56. Kf3 Rf4+ 57. Ke3 Ke6 58. Rh8 Kf5 59. Rh6 1/2-1/2

[Event "Titled Tuesday intern op 16th Feb"]
[Site "Chess.com INT"]
[Date "2021.02.16"]
[Round "4"]
[White "Tekeyev, Zaur"]
[Black "Kadric, Denis"]
[Result "0-1"]
[WhiteElo "2396"]
[BlackElo "2577"]
[PlyCount "76"]
[EventDate "2021.02.16"]
[EventType "swiss (blitz)"]
[EventRounds "11"]
[EventCountry "USA"]
[SourceTitle "EXT 2022"]
[Source "ChessBase"]
[SourceDate "2021.10.06"]
[SourceVersion "1"]
[SourceVersionDate "2021.10.06"]
[SourceQuality "1"]

1. d4 d6 2. e4 Nf6 3. Nc3 Nbd7 4. g4 h6 5. h3 e5 6. Nge2 c6 7. a4 b6 8. Bg2 a6 9. Be3 Bb7 10. 0-0 Be7 11. Ng3 g6 12. Qd2 h5 13. g5 Nh7 14. h4 f6 15. dxe5 dxe5 16. f4 exf4 17. Bxf4 fxg5 18. hxg5 Nc5 19. Qe1 0-0 20. Rd1 Qc8 21. b4 Ne6 22. Bh3 Bxb4 23. Kh2 Qe8 24. Bc1 Nhxg5 25. Bg2 Qe7 26. e5 Rxf1 27. Nxf1 Rf8 28. Qg3 h4 29. Qd3 h3 30. Qxg6+ Qg7 31. Qxg7+ Kxg7 32. Rd7+ Rf7 33. Rxf7+ Kxf7 34. Bxg5 Nxg5 35. Ne4 hxg2 36. Nxg5+ Kg6 37. Kxg2 Kxg5 38. Kf2 Kf5 0-1

[Event "Titled Tuesday intern op 02nd Feb"]
[Site "Chess.com INT"]
[Date "2021.02.02"]
[Round "9"]
[White "Tekeyev, Zaur"]
[Black "Buksa, Nataliya"]
[Result "1/2-1/2"]
[WhiteElo "2396"]
[BlackElo "2419"]
[PlyCount "90"]
[EventDate "2021.02.02"]
[EventType "swiss (blitz)"]
[EventRounds "11"]
[EventCountry "USA"]
[SourceTitle "CBM 200 Extra"]
[Source "ChessBase"]
[SourceDate "2021.03.31"]
[SourceVersion "1"]
[SourceVersionDate "2021.03.31"]
[SourceQuality "1"]

1. e4 c5 2. Nf3 Nc6 3. Nc3 e5 4. Bc4 Be7 5. d3 d6 6. 0-0 Nf6 7. h3 0-0 8. a3 h6 9. Rb1 b6 10. b4 Bb7 11. Nd5 Rc8 12. c3 cxb4 13. axb4 Nb8 14. Nxf6+ Bxf6 15. Qb3 a6 16. Be3 Nd7 17. Rfc1 Qc7 18. Ra1 a5 19. bxa5 bxa5 20. Bd5 Bxd5 21. Qxd5 Ra8 22. Rcb1 Rfb8 23. Rxb8+ Qxb8 24. Nd2 a4 25. Rb1 Qc8 26. Nc4 Be7 27. Ra1 a3 28. Rxa3 Rxa3 29. Nxa3 Qxc3 30. Nc4 Qb4 31. Qa8+ Nf8 32. Kh2 Qb3 33. Qd5 Qb8 34. d4 exd4 35. Bxd4 Ne6 36. Be3 Nc7 37. Qc6 d5 38. exd5 Nxd5+ 39. g3 Nxe3 40. Nxe3 Qb2 41. Qf3 Bc5 42. Qa8+ Bf8 43. Qf3 Bc5 44. Qa8+ Bf8 45. Qf3 Bc5 1/2-1/2

[Event "Titled Tuesday intern op 02nd Feb"]
[Site "Chess.com INT"]
[Date "2021.02.02"]
[Round "7"]
[White "Tekeyev, Zaur"]
[Black "Kretov, Evgenij"]
[Result "1-0"]
[WhiteElo "2396"]
[BlackElo "2269"]
[PlyCount "47"]
[EventDate "2021.02.02"]
[EventType "swiss (blitz)"]
[EventRounds "11"]
[EventCountry "USA"]
[SourceTitle "CBM 200 Extra"]
[Source "ChessBase"]
[SourceDate "2021.03.31"]
[SourceVersion "1"]
[SourceVersionDate "2021.03.31"]
[SourceQuality "1"]

1. Nf3 c5 2. e3 Nf6 3. d4 e6 4. c4 cxd4 5. exd4 d5 6. Nc3 Be7 7. cxd5 Nxd5 8. Bc4 Nc6 9. 0-0 0-0 10. Re1 Nxc3 11. bxc3 b6 12. Bd3 Bb7 13. h4 h5 14. Ng5 g6 15. Qc2 Qe8 16. d5 exd5 17. Ba3 Kg7 18. Bb5 Bxa3 19. Rxe8 Rfxe8 20. Qa4 Bb2 21. Rb1 Bxc3 22. Bxc6 Bxc6 23. Qxc6 Bf6 24. Qxd5 1-0